Binary Role Theory and the Dynamics of World Politics Thinking Small
Uložené v:
| Hlavný autor: | |
|---|---|
| Médium: | Kniha |
| Jazyk: | English |
| Vydavateľské údaje: |
New York
Routledge
2025
|
| Vydanie: | 1st Edition |
| Predmet: | |
| Tagy: |
Žiadne tagy, Buďte prvý, kto otaguje tento záznam!
|
MARC
| LEADER | 00000nam a2200000 4500 | ||
|---|---|---|---|
| 001 | 0312643 | ||
| 005 | 20251030105534.0 | ||
| 020 | |a 9781003532415 | ||
| 041 | 0 | |a eng | |
| 044 | |a US | ||
| 245 | 1 | 0 | |a Binary Role Theory and the Dynamics of World Politics |b Thinking Small |c Stephen G. Walker |
| 250 | |a 1st Edition | ||
| 264 | 1 | |a New York |b Routledge |c 2025 | |
| 300 | |a 334 s. | ||
| 500 | |a Taylor and Francis e-books. | ||
| 610 | 2 | 0 | |a politika svetová |
| 610 | 2 | 0 | |a politika medzinárodná |
| 610 | 2 | 0 | |a politika zahraničná |
| 610 | 2 | 0 | |a vzťahy politické medzinárodné |
| 610 | 2 | 0 | |a politológia |
| 100 | 1 | |a Walker, Stephen G. | |